[Event "61st World Juniors 2024"]
[Site "Gandhinagar IND"]
[Date "2024.06.12"]
[Round "10.40"]
[White "Mukund Hemant Agarwal"]
[Black "Arshpreet Singh"]
[Result "1-0"]
[WhiteElo "2196"]
[BlackElo "1932"]
[WhiteFideId "25679791"]
[BlackFideId "25902113"]
[EventDate "2024.06.02"]

1. e4 c5 2. Nf3 Nc6 3. Bb5 Nf6 4. Bxc6 dxc6 5. d3 Qc7 6. b3 e5 7. Nbd2 b5 8. h3
Nh5 9. g3 g6 10. Qe2 Bd7 11. a4 Bd6 12. Kf1 O-O-O 13. Bb2 Ng7 14. axb5 cxb5 15.
Ra6 f6 16. Kg2 Kb7 17. Rha1 Ra8 18. b4 cxb4 19. d4 Ne6 20. Nb3 1-0

[Event "61st World Juniors 2024"]
[Site "Gandhinagar IND"]
[Date "2024.06.12"]
[Round "10.41"]
[White "Vengatesh, Krishnan C"]
[Black "Safarov, Deniel"]
[Result "1/2-1/2"]
[WhiteElo "1790"]
[BlackElo "2059"]
[WhiteFideId "45050457"]
[BlackFideId "13619802"]
[EventDate "2024.06.02"]

1. e4 c5 2. Nc3 Nc6 3. f4 e6 4. Nf3 d5 5. Bb5 dxe4 6. Ne5 Bd7 7. Bxc6 Bxc6 8.
Nxc6 bxc6 9. Nxe4 Qd5 10. Qe2 c4 11. Nc3 Qd4 12. Qe4 Qc5 13. b4 cxb3 14. axb3
Nf6 15. Qe2 Bd6 16. Ra4 Qf5 17. Ne4 Be7 18. O-O O-O 19. Bb2 Rfd8 20. d3 Nxe4 21.
Qxe4 Bc5+ 22. Kh1 Bb6 23. Qf3 Re8 24. Rc4 c5 25. Re4 f6 26. Rfe1 Rad8 27. Bc3 h5
28. h3 Kf7 29. R4e2 Qd5 30. Re4 Qf5 31. R4e2 Qd5 32. Re4 Qf5 1/2-1/2

[Event "61st World Juniors 2024"]
[Site "Gandhinagar IND"]
[Date "2024.06.12"]
[Round "10.42"]
[White "Shah, Jeet"]
[Black "Oluka Robert Mcligeyo"]
[Result "1/2-1/2"]
[WhiteElo "1946"]
[BlackElo "2050"]
[WhiteFideId "45012954"]
[BlackFideId "10814647"]
[EventDate "2024.06.02"]

1. e4 e6 2. d4 d5 3. Nc3 Be7 4. Nf3 Nf6 5. Bd3 c5 6. exd5 exd5 7. dxc5 O-O 8.
O-O Nbd7 9. Bg5 Nxc5 10. Re1 Be6 11. Nd4 h6 12. Bh4 Qb6 13. Rb1 Bd8 14. Bg3 Rc8
15. Bf5 Bc7 16. Bh4 Bd8 17. Bg3 Bc7 18. Bh4 Bd8 19. g3 Rc7 1/2-1/2

[Event "61st World Juniors 2024"]
[Site "Gandhinagar IND"]
[Date "2024.06.12"]
[Round "10.43"]
[White "Arul Prakash N"]
[Black "Singh, Siddharth"]
[Result "1/2-1/2"]
[WhiteElo "1907"]
[BlackElo "2050"]
[WhiteFideId "45061114"]
[BlackFideId "39907023"]
[EventDate "2024.06.02"]

1. b3 c5 2. Bb2 Nc6 3. e3 Nf6 4. Nf3 g6 5. c4 Bg7 6. Be2 d6 7. Nc3 O-O 8. d4
cxd4 9. Nxd4 Bd7 10. O-O Rc8 11. Qd2 Nxd4 12. exd4 d5 13. cxd5 Qa5 14. Bf3 b5
15. a3 Rfd8 16. Rfe1 e6 17. b4 Qb6 18. Qf4 Rc4 19. Rad1 Rdc8 20. Qe3 a5 21. dxe6
Bxe6 22. d5 Qxe3 23. Rxe3 axb4 24. axb4 Bd7 25. Ne2 Rxb4 26. Bd4 Nxd5 27. Bxg7
Nxe3 28. fxe3 Kxg7 29. Rxd7 Rbc4 30. Rb7 b4 31. Kf2 R8c7 32. Rb6 Re7 33. Bd5 Rc5
34. e4 f5 35. Rxb4 fxe4 36. Bxe4 Rce5 37. Nc3 Rc5 38. Ne2 Rce5 39. Ke3 Rh5 40.
h3 Rhe5 41. Nc3 Rg5 42. Kf4 Kh6 43. Nd5 Rf7+ 44. Ke3 Kg7 45. Kd4 Rd7 46. Rb3 Rf7
47. Ke3 Re5 48. Rb6 Re8 49. Rb4 Re5 50. Nf4 Ree7 51. h4 Re5 52. Kf3 Rfe7 53. g4
Rf7 54. Kg3 Rfe7 55. Kf3 Rf7 56. Ke3 Rfe7 57. h5 Rf7 58. Rb6 Rfe7 59. Rb4 Rf7
60. g5 Rfe7 61. hxg6 hxg6 62. Nxg6 Rxe4+ 63. Rxe4 Rxe4+ 64. Kxe4 Kxg6 65. Kf4
Kg7 66. Kf5 Kf7 67. g6+ Kg7 68. Kg5 Kg8 69. Kf6 Kf8 70. g7+ Kg8 71. Kg6 1/2-1/2

[Event "61st World Juniors 2024"]
[Site "Gandhinagar IND"]
[Date "2024.06.12"]
[Round "10.44"]
[White "Pozzari, Simone"]
[Black "Sharon, Rafael"]
[Result "1/2-1/2"]
[WhiteTitle "FM"]
[WhiteElo "2276"]
[BlackElo "2015"]
[WhiteFideId "2831282"]
[BlackFideId "74601580"]
[EventDate "2024.06.02"]

1. d4 d5 2. Bf4 Nf6 3. e3 c5 4. c3 Nc6 5. Nd2 cxd4 6. exd4 Bf5 7. Qb3 Qc8 8.
Ngf3 e6 9. Be2 Be7 10. O-O h6 11. a4 O-O 12. a5 g5 13. Bg3 Nh5 14. a6 Nxg3 15.
hxg3 b6 16. Qa4 Bd6 17. Bb5 1/2-1/2

[Event "61st World Juniors 2024"]
[Site "Gandhinagar IND"]
[Date "2024.06.12"]
[Round "10.45"]
[White "Vihaan Karthikeya N"]
[Black "Kalyani Sirin"]
[Result "0-1"]
[BlackTitle "WFM"]
[WhiteElo "1936"]
[BlackElo "2163"]
[WhiteFideId "25950673"]
[BlackFideId "33323500"]
[EventDate "2024.06.02"]

1. d4 Nf6 2. c4 g6 3. Nc3 Bg7 4. e4 d6 5. Be2 O-O 6. Be3 e5 7. d5 Na6 8. g4 Nc5
9. f3 a5 10. h4 h5 11. g5 Nfd7 12. Qd2 c6 13. dxc6 bxc6 14. Qxd6 Qb6 15. Nd5
Qxb2 16. Ne7+ Kh7 17. Rd1 Ne6 18. Nxc8 Raxc8 19. Qxd7 Rcd8 20. Qa7 Rxd1+ 21.
Bxd1 Qg2 22. Rh3 Rd8 23. Bf2 Nf4 24. Rg3 Nd3+ 25. Ke2 Qh2 26. Nh3 Rd4 27. Qxd4
Nc1+ 28. Kd2 exd4 29. Kxc1 Be5 30. f4 Bxf4+ 31. Nxf4 Qxf2 32. Rf3 Qxa2 33. Nd3
Qxc4+ 34. Kd2 Kg8 35. Ne5 Qb4+ 36. Ke2 Qb5+ 37. Nd3 a4 38. Ke1 a3 39. Nc1 Qb2
40. Bb3 Qxc1+ 41. Kf2 Qb2+ 42. Kg3 a2 43. Bxf7+ Kg7 44. Be6 Qb8+ 45. Kg2 a1=Q
46. Rf7+ Kh8 0-1

[Event "61st World Juniors 2024"]
[Site "Gandhinagar IND"]
[Date "2024.06.12"]
[Round "10.46"]
[White "Nainys, Zanas"]
[Black "Sureka Akshat"]
[Result "1-0"]
[WhiteElo "2153"]
[BlackElo "1972"]
[WhiteFideId "12844098"]
[BlackFideId "25774492"]
[EventDate "2024.06.02"]

1. d4 d5 2. c4 e6 3. Nc3 h6 4. Nf3 Nf6 5. g3 Bd6 6. Bg2 O-O 7. O-O Nc6 8. b3 Re8
9. Nb5 a6 10. Nxd6 cxd6 11. Bb2 Qe7 12. Nd2 Bd7 13. Rc1 b5 14. e4 dxe4 15. Nxe4
Nxe4 16. Bxe4 bxc4 17. bxc4 e5 18. dxe5 dxe5 19. Qf3 Rab8 20. Bc3 Nd4 21. Bxd4
exd4 22. Rfe1 Be6 23. c5 Rbc8 24. c6 Qb4 25. a3 Qa5 26. Qd3 Bf5 27. Qxd4 Rxc6
28. Bxc6 Rxe1+ 29. Rxe1 Qxe1+ 30. Kg2 Qe6 31. Qc3 Bh3+ 32. Kg1 Qe2 33. Qc1 g6
34. Bg2 Be6 35. h4 h5 36. Qf1 Qxf1+ 37. Bxf1 a5 38. f4 Kf8 39. Kf2 Ke7 40. Ke3
Kd6 41. Kd4 Bf5 42. Kc4 Bd7 43. Bd3 Kc6 44. Be4+ Kd6 45. Bf3 Bc6 46. Be2 Bd7 47.
Bd1 Bc6 48. Bc2 Bd7 49. Be4 Bc6 50. Bd3 Bd7 51. Bc2 Bc6 52. f5 gxf5 53. Bxf5 Ke5
54. Bc2 f5 55. Bd1 Be8 56. Kd3 f4 57. g4 Bg6+ 58. Kd2 hxg4 59. Bxg4 Bf5 60. Bf3
Kd4 61. h5 Kc4 62. h6 Bh7 63. Bd1 f3 64. Ke3 Kc3 65. Kxf3 Kd4 66. Kf4 Kd5 67.
Kg5 Ke6 68. Bh5 1-0

[Event "61st World Juniors 2024"]
[Site "Gandhinagar IND"]
[Date "2024.06.12"]
[Round "10.47"]
[White "Makwana, Devam"]
[Black "Radojicic, Aleksandar M"]
[Result "1-0"]
[WhiteElo "1820"]
[BlackElo "2088"]
[WhiteFideId "25632566"]
[BlackFideId "979694"]
[EventDate "2024.06.02"]

1. e4 c5 2. Nf3 e6 3. d3 Nc6 4. g3 Nge7 5. Bg2 g6 6. O-O Bg7 7. Re1 e5 8. c3 O-O
9. Be3 d6 10. Na3 h6 11. Nc2 f5 12. exf5 Nxf5 13. d4 cxd4 14. cxd4 e4 15. Nd2 d5
16. Nb3 Kh7 17. f3 Nxe3 18. Rxe3 exf3 19. Rxf3 Bf5 20. Ne3 Be4 21. Rxf8 Qxf8 22.
Nxd5 Bxg2 23. Kxg2 Qf5 24. Ne3 Qe4+ 25. Qf3 Qd3 26. Rd1 Qb5 27. Rd2 Rf8 28. Qe4
Nb4 29. h4 Re8 30. Qf3 Nxa2 31. Nc5 Qb4 32. Qf2 b6 33. Nd5 Qc4 34. Qf1 Re2+ 35.
Kh3 Re6 36. Nxe6 Qxf1+ 1-0

[Event "61st World Juniors 2024"]
[Site "Gandhinagar IND"]
[Date "2024.06.12"]
[Round "10.48"]
[White "Jval Saurin Patel"]
[Black "Jyotshnav Talukdar"]
[Result "1-0"]
[WhiteElo "2085"]
[BlackElo "1898"]
[WhiteFideId "25968343"]
[BlackFideId "25924370"]
[EventDate "2024.06.02"]

1. d4 Nf6 2. c4 e6 3. Nc3 Bb4 4. a3 Bxc3+ 5. bxc3 c5 6. e3 Nc6 7. Bd3 O-O 8. Ne2
d6 9. e4 Ne8 10. Be3 b6 11. Ng3 Na5 12. O-O g6 13. e5 Bb7 14. Qe2 dxe5 15. dxe5
Qh4 16. f3 f5 17. exf6 Nd6 18. Rad1 Rad8 19. Be4 Ba6 20. Qe1 Ndxc4 21. Rxd8 Rxd8
22. Nf5 Qxf6 23. Nh6+ Kg7 24. Ng4 Qe7 25. Bh6+ Kg8 26. h4 Qd6 27. h5 Nd2 28.
hxg6 hxg6 29. Qh4 Nxe4 30. fxe4 Bxf1 31. Qf6 Qd7 32. Qxg6+ Kh8 33. Nf6 Qe7 34.
Bg7+ 1-0

[Event "61st World Juniors 2024"]
[Site "Gandhinagar IND"]
[Date "2024.06.12"]
[Round "10.49"]
[White "Mizzi, Jack"]
[Black "Mrinmoy Rajkhowa"]
[Result "0-1"]
[WhiteTitle "CM"]
[WhiteElo "2051"]
[BlackElo "1942"]
[WhiteFideId "5602521"]
[BlackFideId "25603426"]
[EventDate "2024.06.02"]

1. e4 c5 2. Nf3 d6 3. d4 cxd4 4. Nxd4 Nf6 5. f3 a6 6. c4 g6 7. Be3 Bg7 8. Nc3
O-O 9. Qd2 Bd7 10. O-O-O Nc6 11. Kb1 Rb8 12. Nb3 Be6 13. Nd5 b5 14. c5 Nxd5 15.
exd5 Bf5+ 16. Bd3 Bxd3+ 17. Qxd3 Ne5 18. Qe2 Nc4 19. Bd4 dxc5 20. Bxg7 Kxg7 21.
Nxc5 Qd6 22. Qf2 Rfc8 23. Qd4+ e5 24. dxe6+ Qxd4 25. Rxd4 Rxc5 26. e7 Re8 27.
Re1 Re5 28. Rxe5 Nxe5 29. Rd6 a5 30. Rd5 Rxe7 31. Rxb5 Nc6 32. Rc5 Nb4 33. a3
Re1+ 34. Rc1 Rxc1+ 35. Kxc1 Nd5 36. Kc2 Kf6 37. Kd3 Nb6 38. Kd4 Ke6 39. b3 Kd6
40. f4 f5 41. g3 h5 42. h4 Nd5 43. Kc4 Kc6 44. Kd4 Nf6 45. Ke5 Ne4 46. Ke6 Nxg3
47. Kf6 Kc5 48. Kxg6 Kd4 0-1

[Event "61st World Juniors 2024"]
[Site "Gandhinagar IND"]
[Date "2024.06.12"]
[Round "10.50"]
[White "Borkhetariya Devarsh M"]
[Black "Matsumura, Cocoro"]
[Result "0-1"]
[WhiteElo "1864"]
[BlackElo "2032"]
[WhiteFideId "25777033"]
[BlackFideId "36087114"]
[EventDate "2024.06.02"]

1. e4 c5 2. Nf3 d6 3. d4 cxd4 4. Nxd4 Nf6 5. Nc3 a6 6. Be2 e5 7. Nb3 Be7 8. O-O
O-O 9. Kh1 Be6 10. f4 exf4 11. Bxf4 Nc6 12. Qe1 Rc8 13. Rd1 Ne8 14. Qg3 Bh4 15.
Qd3 Bf6 16. a3 Na5 17. e5 dxe5 18. Qxd8 Bxd8 19. Nxa5 exf4 20. Nxb7 Bf6 21. Bxa6
Bxc3 22. bxc3 Rxc3 23. Bd3 g5 24. a4 Rc7 25. Nd8 Bg4 26. Rd2 Nf6 27. Bb5 Bd7 28.
Bxd7 Rxd8 29. Rd6 Nxd7 30. h4 Ra8 31. Rfd1 Nf8 32. R1d4 Ne6 33. Rb4 Rxc2 34.
hxg5 Ra2 0-1

[Event "61st World Juniors 2024"]
[Site "Gandhinagar IND"]
[Date "2024.06.12"]
[Round "10.51"]
[White "Vedant Garg"]
[Black "Tleukhanov, Yerlan"]
[Result "0-1"]
[WhiteElo "1811"]
[BlackElo "2025"]
[WhiteFideId "33422362"]
[BlackFideId "13749692"]
[EventDate "2024.06.02"]

1. e4 c5 2. Nc3 Nc6 3. Bb5 Nd4 4. Nf3 g6 5. Bc4 Bg7 6. Nxd4 cxd4 7. Qf3 Nh6 8.
Ne2 O-O 9. d3 Ng4 10. Bb3 d6 11. O-O a5 12. a4 Qb6 13. h3 Nf6 14. Qg3 Be6 15.
Bxe6 fxe6 16. b3 Rac8 17. Ra2 e5 18. f4 Nh5 19. Qg4 exf4 20. Nxf4 Nxf4 21. Rxf4
Qb4 22. Qe2 Qc5 23. Qg4 Kh8 24. Rxf8+ Rxf8 25. Bg5 h5 26. Qh4 e6 27. Bd2 Qc7 28.
Qe1 b6 29. Qd1 Be5 30. Ra1 Bg3 31. Bh6 Rf2 32. Rc1 Qf7 33. Kh1 Rxg2 34. Qf1 Rf2
35. Qd1 Rh2+ 0-1

[Event "61st World Juniors 2024"]
[Site "Gandhinagar IND"]
[Date "2024.06.12"]
[Round "10.52"]
[White "De Maupeou D'ableiges, Alexandre"]
[Black "Ayushh, Ravikumar"]
[Result "0-1"]
[BlackTitle "FM"]
[WhiteElo "1831"]
[BlackElo "1950"]
[WhiteFideId "4313585"]
[BlackFideId "35039482"]
[EventDate "2024.06.02"]

1. d4 Nf6 2. Bf4 d5 3. e3 c5 4. Nf3 Nc6 5. Nbd2 e6 6. c3 Bd6 7. Ne5 Qc7 8. Ndf3
Nd7 9. Nxd7 Bxd7 10. dxc5 Bxf4 11. exf4 Qxf4 12. Be2 O-O 13. O-O Rfd8 14. b4 e5
15. a3 Bg4 16. Nd2 d4 17. g3 Bxe2 18. Qxe2 Qf5 19. cxd4 Nxd4 20. Qe4 Qxe4 21.
Nxe4 Rd7 22. Rfd1 Rad8 23. Kf1 Kf8 24. Ra2 f5 25. Nc3 Nf3 26. Rxd7 Rxd7 27. h4
Ke7 28. Nb5 e4 29. Ke2 Ng1+ 30. Kf1 Rd1+ 31. Kg2 Nf3 32. Nd6 g6 33. a4 Rg1+ 34.
Kh3 Ke6 35. Nxb7 h6 36. c6 g5 37. Nc5+ Ke7 38. hxg5 hxg5 39. Nxe4 g4# 0-1

[Event "61st World Juniors 2024"]
[Site "Gandhinagar IND"]
[Date "2024.06.12"]
[Round "10.53"]
[White "Swarna Nihal"]
[Black "Insara, S D Nadev"]
[Result "1-0"]
[WhiteElo "1949"]
[BlackElo "1874"]
[WhiteFideId "25683640"]
[BlackFideId "29932050"]
[EventDate "2024.06.02"]

1. d4 Nf6 2. c4 e6 3. Nf3 d5 4. g3 dxc4 5. Bg2 Bb4+ 6. Bd2 a5 7. O-O O-O 8. Bg5
b5 9. Ne5 Ra6 10. a4 c6 11. Nc3 Qb6 12. Bxf6 gxf6 13. Ng4 f5 14. Nf6+ Kg7 15.
Nh5+ Kh8 16. Qd2 Rg8 17. Qf4 Rg6 18. Qe5+ Kg8 19. Nf6+ Kf8 20. axb5 cxb5 21.
Nxh7+ Ke7 22. Nd5+ 1-0

[Event "61st World Juniors 2024"]
[Site "Gandhinagar IND"]
[Date "2024.06.12"]
[Round "10.54"]
[White "Sharnarthi Shlok"]
[Black "Boricha Yohan"]
[Result "1-0"]
[WhiteElo "1838"]
[BlackElo "1811"]
[WhiteFideId "25977776"]
[BlackFideId "46672923"]
[EventDate "2024.06.02"]

1. e4 c5 2. Nf3 Nc6 3. c3 d5 4. exd5 Qxd5 5. d4 Bf5 6. Be3 cxd4 7. cxd4 Bxb1 8.
Rxb1 e6 9. a3 Nf6 10. Be2 Bd6 11. h3 O-O 12. O-O Rac8 13. b4 Rfd8 14. Qa4 Bb8
15. Rfc1 Ne4 16. Bc4 Qh5 17. Bd3 Qd5 18. Qc2 Nf6 19. Qe2 Ne7 20. Rc5 Qd6 21. Bg5
b6 22. Rxc8 Rxc8 23. Bxf6 gxf6 24. g3 Rc3 25. Rd1 Qd5 26. Nh4 Rxa3 27. Bc4 Qd6
28. d5 e5 29. Qg4+ Kf8 30. Rc1 Qxb4 31. d6 Bxd6 32. Qh5 Ke8 33. Qxf7+ Kd8 34.
Be6 Bc5 35. Qf8+ 1-0

[Event "61st World Juniors 2024"]
[Site "Gandhinagar IND"]
[Date "2024.06.12"]
[Round "10.55"]
[White "Mankga, Thabang"]
[Black "Katta, Sriansh"]
[Result "0-1"]
[WhiteElo "1817"]
[BlackElo "1753"]
[WhiteFideId "14334798"]
[BlackFideId "30981034"]
[EventDate "2024.06.02"]

1. d4 Nf6 2. c4 g6 3. Nf3 Bg7 4. g3 O-O 5. Bg2 d6 6. O-O c6 7. Nc3 Nbd7 8. e4 e5
9. d5 Nc5 10. Qc2 cxd5 11. cxd5 a5 12. Be3 b6 13. a3 Ng4 14. Bg5 f6 15. Bd2 Ba6
16. Rfe1 Bc4 17. h3 Nh6 18. Be3 f5 19. Ng5 Nf7 20. Bxc5 Nxg5 21. Be3 f4 22. Bd2
fxg3 23. fxg3 Nf3+ 24. Bxf3 Rxf3 25. Kg2 Qf6 26. Be3 Rf8 27. Rad1 Bf1+ 28. Kh2
Rxg3 29. Rxf1 Qxf1 30. Kxg3 Rf3+ 31. Kg4 Qxh3+ 0-1

[Event "61st World Juniors 2024"]
[Site "Gandhinagar IND"]
[Date "2024.06.12"]
[Round "10.56"]
[White "Piyush, Kumar"]
[Black "Dhami, Dipak"]
[Result "1-0"]
[WhiteElo "1795"]
[BlackElo "1702"]
[WhiteFideId "25674927"]
[BlackFideId "12325899"]
[EventDate "2024.06.02"]

1. e4 e5 2. Nf3 Nc6 3. d4 exd4 4. Nxd4 Nf6 5. Nxc6 bxc6 6. e5 Qe7 7. Qe2 Nd5 8.
h4 a5 9. Nd2 d6 10. exd6 Qxe2+ 11. Bxe2 Bxd6 12. O-O O-O 13. a3 Bf5 14. Bd1 h6
15. Nc4 Bf4 16. Bxf4 Nxf4 17. Ne3 Be6 18. Bf3 Rab8 19. b3 c5 20. g3 Ng6 21. Bd5
Bxd5 22. Nxd5 c6 23. Nc3 c4 24. bxc4 Ne5 25. c5 Rb2 26. Rfc1 Nf3+ 27. Kg2 Nd4
28. Na4 Rxc2 29. Rxc2 Nxc2 30. Ra2 Nd4 31. Nb6 Ne6 32. Rc2 Rd8 33. Nc4 a4 34.
Ne5 Rc8 35. Rc4 f6 36. Nd3 Rd8 37. Nb2 Rd4 38. Rxd4 Nxd4 39. Nxa4 Nb5 40. Nb6
Nxa3 41. Nc8 Nc4 42. Ne7+ Kf7 43. Nxc6 Ke6 44. Nb4 Ke5 45. h5 Kd4 46. Na6 Ne5
47. f4 Nc6 48. Kf3 Nd8 49. Kg4 Ke4 50. Nc7 f5+ 51. Kh4 Kf3 52. Ne8 Ne6 53. Kh3
Nxc5 54. Nxg7 Ke4 55. Ne8 Nb7 56. Nf6+ Kd4 57. Ng8 Kd5 58. Nxh6 Ke6 59. Kh4 Kf6
60. g4 fxg4 61. Nxg4+ Kf5 62. h6 Nd6 63. h7 Nf7 64. Nh6+ Kg6 65. Nxf7 Kxh7 66.
Ne5 1-0

[Event "61st World Juniors 2024"]
[Site "Gandhinagar IND"]
[Date "2024.06.12"]
[Round "10.57"]
[White "Dhairya Amit Shroff"]
[Black "Eugen Mehul Shah"]
[Result "0-1"]
[WhiteElo "1459"]
[BlackElo "1744"]
[WhiteFideId "33402094"]
[BlackFideId "33444552"]
[EventDate "2024.06.02"]

1. e4 c5 2. d4 cxd4 3. c3 Nf6 4. e5 Nd5 5. Nf3 Nc6 6. Bc4 Nb6 7. Bb3 d5 8. exd6
Qxd6 9. O-O Be6 10. Bxe6 Qxe6 11. cxd4 g6 12. Nc3 Rd8 13. Nb5 Nd5 14. Qb3 Bg7 0-1

[Event "61st World Juniors 2024"]
[Site "Gandhinagar IND"]
[Date "2024.06.13"]
[Round "11.1"]
[White "Nogerbek, Kazybek"]
[Black "Gharibyan, Mamikon"]
[Result "1-0"]
[WhiteTitle "IM"]
[BlackTitle "GM"]
[WhiteElo "2502"]
[BlackElo "2492"]
[WhiteFideId "13710427"]
[BlackFideId "13308300"]
[EventDate "2024.06.02"]

1. d4 Nf6 2. c4 e6 3. Nf3 d5 4. Nc3 Nbd7 5. cxd5 exd5 6. Bf4 Bb4 7. Rc1 Ne4 8.
Qb3 Bxc3+ 9. bxc3 Nb6 10. h4 Qe7 11. Qb4 Bf5 12. Qxe7+ Kxe7 13. Ne5 h5 14. e3
Nd6 15. Be2 c6 16. f3 f6 17. Nd3 Nbc4 18. Kf2 b6 19. Bxd6+ Kxd6 20. Nf4 b5 21.
a4 a5 22. axb5 cxb5 23. Ra1 Bc2 24. Rhc1 Bb3 25. e4 dxe4 26. fxe4 a4 27. Nxh5
Ra7 28. Ng3 g6 29. h5 gxh5 30. Nxh5 Rh6 31. Ng3 Kc6 32. Rcb1 Kb6 33. Nf5 Rh8 34.
Bxc4 Bxc4 35. Rb4 Kc6 36. Ne3 Bb3 37. c4 Rb7 38. cxb5+ Rxb5 39. Raxa4 Bxa4 40.
Rxa4 Rhb8 41. Kf3 Rb4 42. Ra6+ R8b6 43. Rxb6+ Rxb6 44. Kf4 Rb2 45. Ng4 Rxg2 46.
Nxf6 Kd6 47. e5+ Ke7 48. Ke4 Re2+ 49. Kd5 Ra2 50. Ne4 Ra5+ 51. Nc5 Ra1 52. Nb7
Rb1 53. Nd6 Rf1 54. Ne4 Re1 55. Ng3 Kd7 56. Nh5 Ke7 57. Nf4 Kd7 58. Ng6 Rg1 59.
e6+ Ke8 60. Ne5 Rd1 61. Nc6 Re1 62. Kd6 Rd1 63. d5 Rd2 64. Nb4 Rd1 65. Kc7 Ke7
66. Nc6+ Kf6 67. Kd6 Rd2 68. Ne5 Rd4 69. Nd7+ Kf5 70. e7 Re4 71. Nc5 1-0

[Event "61st World Juniors 2024"]
[Site "Gandhinagar IND"]
[Date "2024.06.13"]
[Round "11.2"]
[White "Ohanyan, Emin"]
[Black "Quizon, Daniel"]
[Result "1-0"]
[WhiteTitle "GM"]
[BlackTitle "IM"]
[WhiteElo "2501"]
[BlackElo "2448"]
[WhiteFideId "13312022"]
[BlackFideId "5217911"]
[EventDate "2024.06.02"]

1. d4 Nf6 2. Nf3 g6 3. g3 Bg7 4. Bg2 O-O 5. O-O d6 6. Nc3 Nbd7 7. e4 e5 8. a4
exd4 9. Nxd4 Re8 10. a5 Nc5 11. Re1 Bg4 12. f3 Bd7 13. Be3 a6 14. Qd2 Ne6 15.
Rad1 Nxd4 16. Bxd4 Be6 17. Ne2 Qe7 18. b3 Rad8 19. c4 Nd7 20. h3 Ne5 21. Rf1 c5
22. Ba1 Nc6 23. Bxg7 Kxg7 24. f4 f6 25. g4 Bf7 26. Qc3 Kg8 27. Rf2 Rf8 28. Ng3
Be8 29. Nf1 Nd4 30. Ne3 Bc6 31. Nc2 Ne6 32. Ne3 Nd4 33. Nc2 Ne6 34. Ne3 Rde8 35.
Re1 Qg7 36. Rd1 Qh6 37. Rxd6 Nxf4 38. Rxf6 Nxg2 39. Nf5 gxf5 40. Rxh6 1-0

[Event "61st World Juniors 2024"]
[Site "Gandhinagar IND"]
[Date "2024.06.13"]
[Round "11.3"]
[White "Budisavljevic, Luka"]
[Black "Cardoso Cardoso, Jose Gabriel"]
[Result "1/2-1/2"]
[WhiteTitle "GM"]
[BlackTitle "GM"]
[WhiteElo "2468"]
[BlackElo "2497"]
[WhiteFideId "960047"]
[BlackFideId "4430492"]
[EventDate "2024.06.02"]

1. d4 Nf6 2. c4 e6 3. Nf3 d5 4. cxd5 exd5 5. Nc3 Bb4 6. Bg5 h6 7. Bh4 Nbd7 8. e3
g5 9. Bg3 Ne4 10. Nd2 Nxg3 11. hxg3 Nb6 12. a3 Bf8 13. Qc2 Bg7 14. Bd3 c6 15.
O-O-O Qe7 16. Kb1 Be6 17. f4 O-O-O 18. Rhe1 Kb8 19. Nb3 h5 20. Qf2 g4 21. f5 Bc8
22. e4 dxe4 23. Nxe4 Qc7 24. f6 Bh6 25. Nbc5 Nd5 26. Bc4 Rhe8 27. Ka1 Ka8 28.
Bxd5 Rxd5 29. Nc3 Rdd8 30. Rxe8 Rxe8 31. Re1 Qd8 32. N5e4 Be6 33. Rh1 Bd5 34.
Rxh5 Bxe4 35. Rxh6 Bg6 36. Rh1 b6 37. Qf4 Qd7 38. d5 cxd5 39. Rd1 Bc2 40. Rxd5
Qe6 41. Rd6 Qf5 42. Ka2 Qxf4 43. gxf4 Bf5 44. Nb5 Kb8 45. Nd4 Bc8 46. a4 g3 47.
Nb5 Re4 48. Rd8 Rxa4+ 49. Kb3 Rxf4 50. Nxa7 Kxa7 51. Rxc8 Rxf6 52. Rc3 1/2-1/2

[Event "61st World Juniors 2024"]
[Site "Gandhinagar IND"]
[Date "2024.06.13"]
[Round "11.4"]
[White "Anuj, Shrivatri"]
[Black "Makarian, Rudik"]
[Result "1/2-1/2"]
[WhiteTitle "IM"]
[BlackTitle "IM"]
[WhiteElo "2390"]
[BlackElo "2524"]
[WhiteFideId "35070924"]
[BlackFideId "44105681"]
[EventDate "2024.06.02"]

1. Nf3 Nf6 2. c4 e6 3. g3 d5 4. d4 Nc6 5. Bg2 Rb8 6. Nbd2 Be7 7. O-O O-O 8. b3
b5 9. cxd5 exd5 10. Ne5 Qe8 11. Ndf3 Ne4 12. Nxc6 Qxc6 13. a3 a5 14. Bd2 b4 15.
axb4 Bxb4 16. Bxb4 axb4 17. Ne5 Qd6 18. Bxe4 dxe4 19. Nc4 Qf6 20. Qd2 Be6 21.
Ra6 Rfd8 22. Rd1 h5 23. Qc2 Rxd4 24. Rxd4 Qxd4 25. Rc6 Bh3 26. Ra6 Rd8 27. Ne3
c5 28. Ra2 g6 29. Qc1 Be6 30. Qc2 Bh3 31. Qc1 Qc3 32. Qxc3 bxc3 33. Rc2 Rd2 34.
Rxc3 Rxe2 35. Rc1 Rb2 36. Nd5 Rxb3 37. Nf6+ Kg7 38. Nxe4 c4 39. Nd2 Rb5 40. Rxc4
Rb2 41. Rd4 Rc2 42. f4 Rc1+ 43. Kf2 Rh1 44. Nf3 Bg4 45. Rd2 Bxf3 1/2-1/2

[Event "61st World Juniors 2024"]
[Site "Gandhinagar IND"]
[Date "2024.06.13"]
[Round "11.6"]
[White "Koelle, Tobias"]
[Black "Ozenir, Ekin Baris"]
[Result "1-0"]
[WhiteTitle "IM"]
[BlackTitle "IM"]
[WhiteElo "2470"]
[BlackElo "2390"]
[WhiteFideId "16207378"]
[BlackFideId "6357415"]
[EventDate "2024.06.02"]

1. d4 Nf6 2. c4 e6 3. Nf3 c5 4. d5 exd5 5. cxd5 d6 6. Nc3 g6 7. h3 Bg7 8. e4 a6
9. a4 Nbd7 10. Bd3 Nh5 11. O-O Ne5 12. Nxe5 Bxe5 13. f4 Bd4+ 14. Kh2 Qh4 15. Qe1
g5 16. Qxh4 gxh4 17. Ne2 Bg7 18. Rb1 f5 19. Bd2 O-O 20. Be1 fxe4 21. Bxe4 Bf6
22. Bc3 Bd7 23. Bf3 Ng7 24. b4 c4 25. Bxf6 Rxf6 26. Rbc1 Nf5 27. a5 Bb5 28. Rfe1
Raf8 29. Bg4 Kh8 30. Kg1 Ne3 31. Bf3 Nf5 32. Bg4 Ne3 33. Bf3 Nf5 34. Kf2 Ne7 35.
Be4 Ng6 36. f5 Rxf5+ 37. Bxf5 Rxf5+ 38. Kg1 Rxd5 39. Nc3 Re5 40. Red1 Re6 41.
Rd4 Ne5 42. Nxb5 axb5 43. Rd5 Nd3 44. Rd1 Re7 45. Rxd6 Rc7 46. Rd5 Kg7 47. Rxb5
Rd7 48. Rb6 Kf8 49. b5 c3 50. a6 c2 51. Rf1+ 1-0